000 00870nam a22002177a 4500
003 OSt
005 20210427064901.0
008 210304s1999 ||||| |||| 00| 0 geo d
020 _a9994073966
040 _aeng
_beng
_cDLC
041 _ageo
080 _a821.353.1
_bკ-27
100 _91243
_aკარი, ალენ / Carr, Allen
245 _aბოლო სიგარეტი მარტივი გზა
_b: Easy way to Stop Smoking
_c/ by: რუსთავი 2 პრინტი / Rustavi 2 Print
260 _aთბილისი / Tbilisi
_bრუსთავი 2 პრინტი / Rustavi 2 Print
_c1999
300 _a166 p.
650 0 _9942
_aGeorgian Literature
653 _aქართული ლიტერატურა
700 _91244
_aცინცაძე, ნინო / Tsintsadze, Nino
_eTranslator
942 _2udc
_cBK
999 _c1907
_d1907